00610cam a22001931 4500001001300000003000400013005001700017008004100034010001700075035002000092040002200112050001700134100002700151245006400178260006500242300002700307500006500334999001700399he 66001154 DLC20260227111439.0860825s1962 nyua 000 0 yidr  ahe 66001154  a(OCoLC)19309540 aDLCcMHdTxUdDLC00aPZ90.Y5bO581 aOlitzky, Mates,d1915-10aFreylekhe ṭegc[fun] M. Olitsḳi. Ilusṭrirṭ fun Ize. aNyu York,bBildungs ḳomiṭeṭ fun Arbeṭer-ring,c1962. a119 p.billus.c24 cm. a"Lider far kinder ... gedruḳṭ in farsheydene zshurnaln." c31804d31804